Integrácia dát ZBGIS s atribútmi priestorových objektov z externých dátových zdrojov

Gespeichert in:
Bibliographische Detailangaben
1. Verfasser: Gmitterová, Dajana (Verfasst von)
Weitere Verfasser: Ďuračiová, Renata (Betreuung Doktorarbeit)
Format: Manuskript Buch
Sprache:Slowakisch
Veröffentlicht: 2017
Schlagworte:
Online-Zugang:http://is.stuba.sk/zp/portal_zp.pl?podrobnosti=125325
https://opac.crzp.sk/?fn=detailBiblioForm&sid=E7FF18FD4FFD5019D5F8EF3CC38C
Tags: Tag hinzufügen
Keine Tags, Fügen Sie das erste Tag hinzu!

MARC

LEADER 00000ntm a22000003a 4500
001 stuzp63410
003 SK-STU
005 20230810135347.2
007 ta
008 150427s2015----xo-----f-mn---000-0-slo-d
040 |a STU  |b slo 
041 0 |a slo 
100 1 |a Gmitterová, Dajana  |u 010130  |4 aut  |U SvF Stavebná fakulta  |T SvF Katedra geodetických základov  |X 9289  |U V130  |Y 13  |7 9289 
242 0 1 |a Integrating ZBGIS® data with spatial object attributes from external data sources  |y eng 
245 1 0 |a Integrácia dát ZBGIS s atribútmi priestorových objektov z externých dátových zdrojov 
260 |c 2017 
650 4 |a GIS  |2 slo 
650 4 |a priestorová databáza  |2 slo 
650 4 |a relačný vzťah  |2 slo 
650 4 |a body záujmov  |2 slo 
650 4 |a adresný bod  |2 slo 
650 4 |a address point  |2 eng 
650 4 |a relationship classes  |2 eng 
650 4 |a spatial geodatabase  |2 eng 
650 4 |a GIS  |2 eng 
650 4 |a Point of interest  |2 eng 
700 1 |a Ďuračiová, Renata  |u 010130  |k Z1  |4 ths  |U SvF Stavebná fakulta  |T SvF Katedra geodetických základov  |X 950  |U V130  |Y 13  |7 A000000950 
856 4 |u http://is.stuba.sk/zp/portal_zp.pl?podrobnosti=125325 
856 4 |u https://opac.crzp.sk/?fn=detailBiblioForm&sid=E7FF18FD4FFD5019D5F8EF3CC38C